[Event "Candidates Tournament Montpellier"]
[Site "Montpellier"]
[Date "1985.10.??"]
[Round "12"]
[White "Jussupow, Artur"]
[Black "Vaganian, Rafael A"]
[Result "0-1"]
[WhiteElo "2600"]
[BlackElo "2625"]
[Annotator "ChessBase"]
[PlyCount "130"]
[EventDate "1985.10.13"]
[EventType "tourn"]
[EventRounds "15"]
[EventCountry "FRA"]
[EventCategory "14"]
[SourceTitle "Candidates"]
[Source "ChessBase"]
[SourceDate "1999.07.01"]
[SourceVersion "2"]
[SourceVersionDate "1999.07.01"]
[SourceQuality "1"]

1. d4 Nf6 2. c4 d6 3. Nf3 Nbd7 4. Nc3 c6 5. e4 e5 6. Be2 Be7 7. O-O a6 8. Qc2
O-O 9. Rd1 Qc7 10. Bg5 $146 (10. Bd2 b5 (10... exd4 11. Nxd4 Re8 12. Be3 Ne5
13. f3 $16) 11. cxb5 cxb5 12. Rac1 Qb8 $132) (10. Be3 $5) 10... h6 11. Bh4 Re8
12. h3 b6 $6 (12... b5 $142 13. cxb5 cxb5 14. Rac1 Qb8 $13) 13. Bg3 Bb7 14. c5
$1 $16 bxc5 15. dxe5 dxe5 16. Na4 Rad8 17. Bh2 Nh7 (17... Nh5 $2 18. Rxd7 $1
$18) 18. Qb3 Ng5 19. Nxg5 hxg5 20. Bc4 Rf8 21. Rd3 Bd6 $1 22. Rg3 $2 (22. Rad1
Nf6 23. f3 Nh5 24. R1d2 Nf4 25. Bxf4 gxf4 26. Qd1 Be7 27. Rd7 $16) 22... Nf6 $1
$10 23. Qe3 Nh7 24. Nxc5 a5 25. Nxb7 Qxb7 26. b3 Qe7 $1 {צg3,Bh2} 27. Qb6 Nf6
28. Qxc6 Rc8 29. Qb5 Nxe4 30. Re3 Rc5 $1 $36 31. Qa6 Nd2 32. Rd1 Nxc4 33. bxc4
Bc7 34. Red3 (34. Rd5 $142 Rb8 35. Bg3 e4 $1 $36) 34... e4 $1 $17 35. Rd7 Bxh2+
36. Kxh2 Qe5+ 37. Kg1 e3 38. fxe3 Qxe3+ 39. Kh1 g4 $1 40. R7d3 Qe2 41. R3d2 $6
(41. hxg4 $17) 41... Qe7 $1 (41... Qxc4 42. Qxc4 Rxc4 43. hxg4 Rxg4 44. Rd4 $1
Rg6 45. Rd6 Rxd6 46. Rxd6 Re8 47. Rd5 a4 48. Rd4 $10) 42. Rd7 $2 (42. hxg4 $8
Qh4+ 43. Kg1 Qxg4 $17) 42... Qg5 43. R7d5 Rxd5 44. cxd5 (44. Rxd5 Qc1+ 45. Kh2
Qf4+ 46. Kg1 Qe3+ $19) 44... gxh3 45. gxh3 Qe5 $1 $19 46. Qd3 (46. d6 Qe4+ 47.
Kg1 Qe3+ 48. Kg2 Rb8 $19) 46... Rb8 (46... Rc8 $2 47. Qd4 $1 Qe2 48. Qg4 $10)
47. Rd2 (47. Qd4 $142 $5) 47... Qe1+ 48. Kg2 Rb1 49. Re2 Qg1+ 50. Kf3 Rf1+ 51.
Ke4 Qg6+ 52. Kd4 Qb6+ 53. Kc3 Qb4+ 54. Kc2 Qb1+ 55. Kc3 Qb4+ 56. Kc2 Qb1+ 57.
Kc3 Rc1+ 58. Kd4 Qb4+ 59. Ke5 Rc4 $1 {/\Qe7,g6#} 60. Kf5 g6+ 61. Kg5 Rf4 62. a3
(62. d6 Rd4 $19 (62... Rf5+ $2 63. Qxf5 gxf5 64. d7 $18)) 62... Qd6 63. Re6
fxe6 64. Qxg6+ Kf8 65. Qh6+ Ke7 0-1

[Event "Moscow TV"]
[Site "Moscow"]
[Date "1987.??.??"]
[Round "?"]
[White "Smyslov, Vassily V"]
[Black "Vaganian, Rafael A"]
[Result "0-1"]
[WhiteElo "2550"]
[BlackElo "2590"]
[PlyCount "106"]
[EventDate "1987.05.08"]
[EventType "team-schev (rapid)"]
[EventRounds "4"]
[EventCountry "URS"]
[SourceTitle "CBM 004"]
[Source "ChessBase"]
[SourceDate "1988.06.01"]
[SourceVersion "1"]
[SourceVersionDate "1988.06.01"]
[SourceQuality "1"]

1. e4 Nf6 2. Nc3 d5 3. exd5 Nxd5 4. Nxd5 Qxd5 5. Qf3 e6 6. Qxd5 exd5 7. Nf3 Bf5
8. d3 Nc6 9. Bf4 Kd7 10. O-O-O Re8 11. g3 Bd6 12. Bxd6 Kxd6 13. Bg2 Re2 14. Rd2
Rhe8 15. Rxe2 Rxe2 16. Rf1 a5 17. Kd1 Bxd3 18. cxd3 Rxb2 19. a3 Ra2 20. Kc1 Ne5
21. Kb1 Rxa3 22. Nxe5 Kxe5 23. Re1+ Kd6 24. Bf1 b5 25. Kb2 b4 26. d4 Rf3 27.
Re2 a4 28. Rd2 g5 29. Bb5 Rb3+ 30. Kc1 a3 31. Rc2 Rf3 32. Rc6+ Ke7 33. Rxc7+
Ke6 34. Rc2 b3 35. Re2+ Kd6 36. Kb1 Rc3 37. Re1 Rc2 38. Rf1 Rc3 39. Re1 Rc2 40.
Rf1 h5 41. Bd3 Rd2 42. Bf5 Rxd4 43. Kc1 Ke5 44. Bd7 Rc4+ 45. Kb1 Rc2 46. Bb5 g4
47. Bd3 Rd2 48. Re1+ Kd4 49. Be2 Rc2 50. Rd1+ Kc5 51. Re1 a2+ 52. Ka1 b2+ 53.
Kxa2 Rc1 0-1

[Event "Leningrad"]
[Site "Leningrad"]
[Date "1987.??.??"]
[Round "?"]
[White "Chandler, Murray G"]
[Black "Vaganian, Rafael A"]
[Result "0-1"]
[WhiteElo "2595"]
[BlackElo "2590"]
[PlyCount "94"]
[EventDate "1987.05.27"]
[EventType "tourn"]
[EventRounds "13"]
[EventCountry "URS"]
[EventCategory "14"]
[SourceTitle "CBM 003"]
[Source "ChessBase"]
[SourceDate "1988.04.01"]
[SourceVersion "1"]
[SourceVersionDate "1988.04.01"]
[SourceQuality "1"]

1. e4 e6 2. d4 d5 3. Nc3 Nf6 4. e5 Nfd7 5. f4 c5 6. Nf3 Nc6 7. Be3 Qb6 8. Na4
Qa5+ 9. c3 c4 10. b4 Qc7 11. Be2 Be7 12. O-O O-O 13. Qe1 b5 14. Nc5 a5 15. a3
Nxc5 16. bxc5 Bd7 17. Bd1 f5 18. exf6 Bxf6 19. Bc2 Rab8 20. Rb1 Be8 21. Qg3 Qd7
22. Ne5 Bxe5 23. fxe5 Bh5 24. Bxh7+ Kxh7 25. Qh4 Rxf1+ 26. Rxf1 Qe8 27. g4 Qg6
28. Qxh5+ Qxh5 29. gxh5 b4 30. axb4 axb4 31. cxb4 Rxb4 32. Rf7 c3 33. h6 Nxd4
34. Rxg7+ Kh8 35. Rf7 Nf5 36. Rf8+ Kh7 37. Rf7+ Kg8 38. h7+ Kh8 39. Kf2 Nxe3
40. Kxe3 Rc4 41. Rf1 Rxc5 42. Rc1 c2 43. Kd3 Kxh7 44. Rxc2 Rxc2 45. Kxc2 Kg6
46. Kd3 Kf5 47. Kd4 Kf4 0-1

[Event "Marseille"]
[Site "Marseille"]
[Date "1987.??.??"]
[Round "?"]
[White "Miralles, Gilles"]
[Black "Vaganian, Rafael A"]
[Result "0-1"]
[WhiteElo "2425"]
[BlackElo "2595"]
[PlyCount "120"]
[EventDate "1987.07.??"]
[EventType "tourn"]
[EventRounds "9"]
[EventCountry "FRA"]
[EventCategory "10"]
[SourceTitle "TD"]
[Source "ChessBase"]
[SourceDate "1994.03.01"]
[SourceVersion "1"]
[SourceVersionDate "1994.03.01"]
[SourceQuality "1"]

1. d4 Nf6 2. c4 d6 3. Nc3 Nbd7 4. Nf3 e5 5. e4 g6 6. g3 Bg7 7. Bg2 O-O 8. O-O
a6 9. h3 b5 10. dxe5 dxe5 11. Qc2 c6 12. Be3 Qe7 13. a3 Bb7 14. b4 c5 15. cxb5
cxb4 16. axb4 axb5 17. Rxa8 Rxa8 18. Rb1 Qe6 19. Nd2 Bc6 20. Nb3 Bf8 21. Na5
Nb8 22. Qd3 Na6 23. Nxc6 Qxc6 24. Nd5 Rb8 25. f4 exf4 26. Bxf4 Nxd5 27. exd5
Qb6+ 28. Kh2 Bd6 29. Bxd6 Qxd6 30. Qc3 Qf8 31. Qd4 Qd6 32. Qc3 h5 33. h4 Rb6
34. Re1 Qf6 35. Qc8+ Kg7 36. Rf1 Qe7 37. Qc3+ Kh7 38. Rf4 f5 39. Qd4 Qf6 40.
Qe3 Rd6 41. Qe8 Nc7 42. Qc8 Qd8 43. Qb7 Qd7 44. Rd4 Ne8 45. Qa8 Qe7 46. Qa2 Nf6
47. Qd2 Ng4+ 48. Kh3 Ne3 49. Qe2 Qd7 50. Kh2 Nc4 51. Qf3 Ra6 52. Qf4 Ra2 53.
Kh3 Qe7 54. d6 Qe2 55. Qf3 Qb2 56. Rd1 Ne3 57. Rg1 Qd4 58. d7 Qxd7 59. Qf4 Rf2
60. Bf3 Nd5 0-1

[Event "Marseille"]
[Site "Marseille"]
[Date "1987.??.??"]
[Round "?"]
[White "Vaganian, Rafael A"]
[Black "Haik, Aldo"]
[Result "1-0"]
[WhiteElo "2595"]
[BlackElo "2445"]
[PlyCount "77"]
[EventDate "1987.07.??"]
[EventType "tourn"]
[EventRounds "9"]
[EventCountry "FRA"]
[EventCategory "10"]
[SourceTitle "TD"]
[Source "ChessBase"]
[SourceDate "1994.03.01"]
[SourceVersion "1"]
[SourceVersionDate "1994.03.01"]
[SourceQuality "1"]

1. d4 Nf6 2. Nf3 e6 3. c4 c5 4. d5 d6 5. Nc3 exd5 6. cxd5 g6 7. Bf4 a6 8. Nd2
Bg7 9. Nc4 O-O 10. a4 Ne8 11. Qd2 Nd7 12. Nxd6 Nxd6 13. Bxd6 Re8 14. e3 Qa5 15.
Ra3 Ne5 16. Be2 Qb6 17. Bxe5 Bxe5 18. O-O Bd7 19. Rd1 Rad8 20. a5 Qb4 21. Bf3
b6 22. axb6 Qxb6 23. b3 c4 24. bxc4 Qb4 25. Qa2 Rc8 26. Be2 Bxc3 27. Rb1 a5 28.
Rxb4 axb4 29. Ra7 Bf5 30. g4 Be4 31. f3 Bb1 32. Qxb1 Rxe3 33. Kf1 Rf8 34. Qd1
Rb8 35. d6 b3 36. Qd5 Re6 37. Ra8 Rxa8 38. Qxa8+ Kg7 39. d7 1-0

[Event "Marseille"]
[Site "Marseille"]
[Date "1987.??.??"]
[Round "?"]
[White "Vaganian, Rafael A"]
[Black "Kouatly, Bachar"]
[Result "1-0"]
[WhiteElo "2595"]
[BlackElo "2470"]
[PlyCount "71"]
[EventDate "1987.07.??"]
[EventType "tourn"]
[EventRounds "9"]
[EventCountry "FRA"]
[EventCategory "10"]
[SourceTitle "TD"]
[Source "ChessBase"]
[SourceDate "1994.03.01"]
[SourceVersion "1"]
[SourceVersionDate "1994.03.01"]
[SourceQuality "1"]

1. Nf3 Nf6 2. c4 g6 3. Nc3 d5 4. cxd5 Nxd5 5. Qa4+ Bd7 6. Qh4 Bc6 7. Qd4 f6 8.
e3 e5 9. Nxe5 fxe5 10. Qxe5+ Qe7 11. Qxh8 Nf6 12. b4 a6 13. a4 Nbd7 14. Ba3 b5
15. axb5 axb5 16. Nxb5 Bxb5 17. Bxb5 Qe5 18. O-O Qxb5 19. Bb2 Rxa1 20. Rxa1 Kf7
21. Bc3 h5 22. Rc1 c6 23. e4 Qe2 24. f3 g5 25. Ra1 h4 26. h3 Qb5 27. Kh1 Bxb4
28. Bxf6 Nxf6 29. d4 Be7 30. e5 Qb2 31. Rg1 Nd5 32. Qh7+ Ke6 33. Qg6+ Kd7 34.
Rb1 Qd2 35. Rb7+ Kc8 36. Qxc6+ 1-0

[Event "Marseille"]
[Site "Marseille"]
[Date "1987.??.??"]
[Round "?"]
[White "Vaganian, Rafael A"]
[Black "Kudrin, Sergey"]
[Result "1-0"]
[WhiteElo "2595"]
[BlackElo "2515"]
[PlyCount "75"]
[EventDate "1987.07.??"]
[EventType "tourn"]
[EventRounds "9"]
[EventCountry "FRA"]
[EventCategory "10"]
[SourceTitle "TD"]
[Source "ChessBase"]
[SourceDate "1994.03.01"]
[SourceVersion "1"]
[SourceVersionDate "1994.03.01"]
[SourceQuality "1"]

1. d4 Nf6 2. c4 g6 3. g3 Bg7 4. Bg2 d5 5. cxd5 Nxd5 6. Nf3 O-O 7. O-O Nb6 8.
Nc3 Nc6 9. e3 Re8 10. d5 Na5 11. Nd4 Bd7 12. a4 c5 13. dxc6 Nxc6 14. a5 Nc4 15.
a6 Rb8 16. axb7 Bxd4 17. exd4 Rxb7 18. Na4 Rc7 19. Bf4 Nd6 20. Nc5 Bc8 21. Re1
Nb8 22. Qb3 Nd7 23. Bd5 Nf6 24. Bf3 Nd7 25. Qb4 Nf6 26. Qa4 Nd7 27. b4 Nb6 28.
Qb3 h5 29. b5 Kg7 30. Bc6 Rf8 31. d5 Kh7 32. Qb4 Nbc4 33. Rac1 Nb6 34. Ne4 Rxc6
35. dxc6 Nd5 36. Qd2 Nxf4 37. Qxf4 Nxb5 38. Qe5 1-0

[Event "URS Cup rapid"]
[Site "Tallinn"]
[Date "1988.??.??"]
[Round "3"]
[White "Makarichev, Sergey"]
[Black "Vaganian, Rafael A"]
[Result "0-1"]
[WhiteElo "2485"]
[BlackElo "2625"]
[PlyCount "120"]
[EventDate "1988.??.??"]
[EventType "swiss (rapid)"]
[EventRounds "11"]
[EventCountry "URS"]
[SourceTitle "EXT 2000"]
[Source "ChessBase"]
[SourceDate "1999.11.16"]
[SourceVersion "1"]
[SourceVersionDate "1999.11.16"]
[SourceQuality "1"]

1. c4 e6 2. Nf3 Nf6 3. b3 b6 4. g3 Bb7 5. Bg2 g6 6. Bb2 Bg7 7. O-O O-O 8. d3 c5
9. e3 Qe7 10. Qe2 Rd8 11. Nc3 d6 12. Rad1 Nbd7 13. d4 cxd4 14. Nxd4 Bxg2 15.
Kxg2 Rac8 16. e4 a6 17. f3 h5 18. Rfe1 Nc5 19. Bc1 Qb7 20. Bg5 Ncd7 21. Rc1 Rc5
22. Be3 Rdc8 23. Qd2 R5c7 24. Nde2 Bf8 25. Nd4 Qb8 26. Red1 Rb7 27. Bh6 Be7 28.
Qe2 Rbc7 29. Qd2 Rc5 30. Na4 R5c7 31. Nc3 Ne5 32. Be3 Qb7 33. Re1 Rd7 34. Bg5
Rdc7 35. h4 Ned7 36. Nce2 Bf8 37. Nc3 Nh7 38. Be3 Ne5 39. Nce2 Nf6 40. Nc3 Nfd7
41. Red1 Bg7 42. Nde2 Nc5 43. Nf4 Bf8 44. Nce2 Nxf3 45. Kxf3 Nxe4 46. Qc2 Nc3+
47. Kf2 Nxd1+ 48. Rxd1 b5 49. c5 dxc5 50. Nc3 c4 51. b4 Rd7 52. Rxd7 Qxd7 53.
Ne4 Bg7 54. Nc5 Qd6 55. a3 Rd8 56. Qe4 Qe5 57. Qc6 Qb2+ 58. Ne2 Qxa3 59. Bg5
Rd5 60. Nxe6 Rf5+ 0-1

[Event "URS Club Cup 1st"]
[Site "Nabereznye Chelny"]
[Date "1988.09.??"]
[Round "8"]
[White "Vaganian, Rafael A"]
[Black "Chernin, Alexander"]
[Result "1-0"]
[WhiteElo "2595"]
[BlackElo "2565"]
[PlyCount "87"]
[EventDate "1988.09.30"]
[EventType "team-swiss"]
[EventRounds "11"]
[EventCountry "URS"]
[SourceTitle "EXT 2020"]
[Source "ChessBase"]
[SourceDate "2019.10.17"]
[SourceVersion "1"]
[SourceVersionDate "2019.10.17"]
[SourceQuality "1"]
[WhiteTeam "Moscow Tigran Petrosian"]
[BlackTeam "Kharkiv Chess Club"]
[WhiteTeamCountry "URS"]
[BlackTeamCountry "URS"]

1. c4 e5 2. Nc3 Nf6 3. Nf3 Nc6 4. a3 d5 5. cxd5 Nxd5 6. Qc2 Nxc3 7. bxc3 Bd6 8.
g3 Qe7 9. d3 O-O 10. Bg2 Bd7 11. O-O Na5 12. Nd2 c5 13. Ne4 f5 14. Nxd6 Qxd6
15. f4 Rae8 16. fxe5 Qxe5 17. Rf2 Bc6 18. Bxc6 Nxc6 19. Qb3+ Rf7 20. g4 Na5 21.
Qa4 Nc6 22. Bd2 Re6 23. Raf1 Rg6 24. g5 Re6 25. e4 g6 26. Qb3 Na5 27. Qc2 c4
28. exf5 gxf5 29. d4 Qe4 30. Qxe4 Rxe4 31. Rxf5 Rg4+ 32. Kh1 Rxf5 33. Rxf5 Nc6
34. Rc5 Re4 35. Rxc4 Kf7 36. Rc5 Kg6 37. Kg1 Re2 38. Bf4 Ne7 39. Kf1 Rb2 40.
Ke1 Nf5 41. d5 Nh4 42. Kd1 Ng2 43. Bd2 Kf5 44. d6+ 1-0

[Event "EU-chT (Men) 09th"]
[Site "Haifa"]
[Date "1989.??.??"]
[Round "1.3"]
[White "Vaganian, Rafael A"]
[Black "Gomez Esteban, Juan Mario"]
[Result "1-0"]
[WhiteElo "2585"]
[BlackElo "2440"]
[PlyCount "77"]
[EventDate "1989.11.23"]
[EventType "team-swiss"]
[EventRounds "9"]
[EventCountry "ISR"]
[SourceTitle "EU-chT"]
[Source "ChessBase"]
[SourceDate "1999.07.01"]
[SourceVersion "2"]
[SourceVersionDate "1999.07.01"]
[SourceQuality "1"]
[WhiteTeam "Soviet Union"]
[BlackTeam "Spain"]
[WhiteTeamCountry "URS"]
[BlackTeamCountry "ESP"]

1. Nf3 Nf6 2. c4 e6 3. Nc3 d5 4. d4 Be7 5. Bg5 h6 6. Bh4 O-O 7. e3 b6 8. Be2
Bb7 9. Bxf6 Bxf6 10. cxd5 exd5 11. b4 c5 12. bxc5 bxc5 13. Rb1 Qa5 14. Qd2 cxd4
15. Nxd4 Bxd4 16. exd4 Bc6 17. Nb5 Qd8 18. O-O Nd7 19. Rfc1 Bxb5 20. Rxb5 Nf6
21. f3 Qe7 22. Kf2 Rab8 23. Rcc5 Rxb5 24. Bxb5 Rb8 25. a4 Qd6 26. g3 Qe6 27.
Qf4 Rb6 28. g4 a6 29. Bd3 Rb2+ 30. Bc2 g5 31. Qc1 Ra2 32. Qb1 Ra3 33. Qb8+ Kg7
34. Qe5 Qxe5 35. dxe5 Nd7 36. Rxd5 Nb6 37. Rd6 Nxa4 38. Rxa6 Ra2 39. Rc6 1-0

[Event "EU-chT (Men) 09th"]
[Site "Haifa"]
[Date "1989.??.??"]
[Round "5.3"]
[White "Vaganian, Rafael A"]
[Black "Lobron, Eric"]
[Result "1-0"]
[WhiteElo "2585"]
[BlackElo "2585"]
[PlyCount "80"]
[EventDate "1989.11.23"]
[EventType "team-swiss"]
[EventRounds "9"]
[EventCountry "ISR"]
[SourceTitle "EU-chT"]
[Source "ChessBase"]
[SourceDate "1999.07.01"]
[SourceVersion "2"]
[SourceVersionDate "1999.07.01"]
[SourceQuality "1"]
[WhiteTeam "Soviet Union"]
[BlackTeam "German Fed Rep"]
[WhiteTeamCountry "URS"]
[BlackTeamCountry "GER"]

1. Nf3 Nf6 2. c4 e6 3. Nc3 d5 4. d4 Be7 5. Bg5 h6 6. Bh4 O-O 7. e3 b6 8. Be2
Bb7 9. Bxf6 Bxf6 10. cxd5 exd5 11. O-O Nc6 12. Rc1 a6 13. Ne1 Ne7 14. Nd3 Rb8
15. b4 Nf5 16. a4 Re8 17. b5 a5 18. Bg4 Nd6 19. Qc2 Re7 20. Bf3 Ne4 21. Qa2 Qd6
22. g3 Rd8 23. Rc2 g5 24. Rfc1 Bg7 25. Bg4 Qg6 26. Nxe4 Qxe4 27. Be2 Rdd7 28.
Bf1 Kh8 29. Rc3 Qe6 30. Qe2 f5 31. Qh5 Kg8 32. Bg2 Rf7 33. h4 Bf6 34. Bh3 Rg7
35. Qxh6 gxh4 36. Nf4 Qd6 37. Bxf5 Rdf7 38. Be6 hxg3 39. Qxf6 gxf2+ 40. Kxf2
Kf8 1-0

[Event "Moscow-ch blitz"]
[Site "Moscow"]
[Date "1990.??.??"]
[Round "?"]
[White "Kalegin, Evgenij"]
[Black "Vaganian, Rafael A"]
[Result "0-1"]
[WhiteElo "2380"]
[BlackElo "2605"]
[PlyCount "62"]
[EventDate "1990.??.??"]
[EventType "tourn (blitz)"]
[EventRounds "5"]
[EventCountry "URS"]
[SourceTitle "EXT 2004"]
[Source "ChessBase"]
[SourceDate "2003.11.25"]
[SourceVersion "1"]
[SourceVersionDate "2003.11.25"]
[SourceQuality "1"]

1. e4 e6 2. d4 d5 3. Nc3 Bb4 4. e5 c5 5. a3 Ba5 6. b4 cxd4 7. Nb5 Bc7 8. f4 Bd7
9. Nf3 Bxb5 10. Bxb5+ Nc6 11. Nxd4 Nge7 12. Bxc6+ bxc6 13. Be3 Bb6 14. O-O O-O
15. Qd2 c5 16. bxc5 Bxc5 17. Kh1 Bxd4 18. Bxd4 Qc7 19. Qf2 Rfc8 20. c3 Nf5 21.
Rab1 Qc4 22. Rfd1 h5 23. Rb4 Qc7 24. Rdb1 a5 25. Rb7 Qc4 26. Qf3 h4 27. Qh5 Rc7
28. Rxc7 Qxc7 29. Qe2 Rb8 30. Qc2 Rb7 31. Rxb7 Qxb7 0-1

[Event "Reykjavik op"]
[Site "Reykjavik"]
[Date "1990.??.??"]
[Round "1"]
[White "Vaganian, Rafael A"]
[Black "Tangborn, Eric"]
[Result "1-0"]
[WhiteElo "2605"]
[BlackElo "2365"]
[PlyCount "93"]
[EventDate "1990.03.??"]
[EventType "swiss"]
[EventRounds "11"]
[EventCountry "ISL"]
[SourceTitle "CBM 018 Extra"]
[Source "ChessBase"]
[SourceDate "1990.11.01"]
[SourceVersion "1"]
[SourceVersionDate "1990.11.01"]
[SourceQuality "1"]

1. Nf3 c5 2. c4 g6 3. d4 cxd4 4. Nxd4 Nc6 5. e4 Bg7 6. Be3 Nf6 7. Nc3 Ng4 8.
Qxg4 Nxd4 9. Qd1 Ne6 10. Be2 d6 11. O-O Bd7 12. f4 Bc6 13. Bf3 Bxc3 14. bxc3
Qa5 15. f5 Nc5 16. e5 Bxf3 17. Qxf3 O-O-O 18. fxg6 hxg6 19. Qg4+ Kb8 20. exd6
exd6 21. Rxf7 Qxc3 22. Qd4 Qxd4 23. Bxd4 Rh4 24. Bf6 Rf4 25. g3 Rf5 26. Rf1
Rxf1+ 27. Kxf1 Rd7 28. Rxd7 Nxd7 29. Bd4 Kc7 30. Ke2 a6 31. Kf3 Nf8 32. Ke4 Kd7
33. h4 Ke6 34. a4 Nd7 35. g4 Nf8 36. a5 Nd7 37. h5 gxh5 38. gxh5 Nf8 39. Bg7
Nh7 40. Kf4 Kf7 41. Bb2 Ke6 42. Bc3 Nf8 43. Bg7 Nh7 44. h6 Ke7 45. Kf5 Kf7 46.
Bb2 Nf8 47. Bf6 1-0

[Event "Reykjavik op"]
[Site "Reykjavik"]
[Date "1990.??.??"]
[Round "4"]
[White "Hellers, Ferdinand"]
[Black "Vaganian, Rafael A"]
[Result "0-1"]
[WhiteElo "2525"]
[BlackElo "2605"]
[PlyCount "74"]
[EventDate "1990.03.??"]
[EventType "swiss"]
[EventRounds "11"]
[EventCountry "ISL"]
[SourceTitle "CBM 018 Extra"]
[Source "ChessBase"]
[SourceDate "1990.11.01"]
[SourceVersion "1"]
[SourceVersionDate "1990.11.01"]
[SourceQuality "1"]

1. e4 e6 2. d4 d5 3. Nc3 Nf6 4. Bg5 dxe4 5. Nxe4 Be7 6. Bxf6 Bxf6 7. Nf3 O-O 8.
c3 Nd7 9. Qc2 e5 10. d5 g6 11. O-O-O Bg7 12. Bc4 Nb6 13. Bb3 a5 14. a4 Bf5 15.
Qe2 Qe8 16. Nfd2 Bd7 17. d6 Bxa4 18. dxc7 Bxb3 19. Nxb3 a4 20. Nbc5 a3 21. bxa3
Rxa3 22. Qb2 Nc4 23. Qb4 b5 24. Rd8 Qe7 25. Nd7 Qxd8 26. cxd8=Q Rxd8 27. Qe7
Rda8 28. Kc2 f5 29. Ndf6+ Kh8 30. Kd3 R3a7 31. Nd7 Nb6 32. Nef6 e4+ 33. Ke3
Rxd7 34. Qe6 Rd6 35. Qf7 Rxf6 36. Qb7 Rd8 37. Rb1 Nd5+ 0-1

[Event "Reykjavik op"]
[Site "Reykjavik"]
[Date "1990.??.??"]
[Round "7"]
[White "Vaganian, Rafael A"]
[Black "Bronstein, David Ionovich"]
[Result "1-0"]
[WhiteElo "2605"]
[BlackElo "2445"]
[PlyCount "87"]
[EventDate "1990.03.??"]
[EventType "swiss"]
[EventRounds "11"]
[EventCountry "ISL"]
[SourceTitle "CBM 018 Extra"]
[Source "ChessBase"]
[SourceDate "1990.11.01"]
[SourceVersion "1"]
[SourceVersionDate "1990.11.01"]
[SourceQuality "1"]

1. d4 Nf6 2. c4 e6 3. Nc3 Bb4 4. Qc2 c5 5. dxc5 Bxc5 6. Nf3 Qb6 7. e3 Be7 8.
Be2 Nc6 9. O-O d5 10. cxd5 exd5 11. a3 a6 12. b4 O-O 13. Bb2 Be6 14. Na4 Qc7
15. Bd3 Rac8 16. Nc5 Bg4 17. Bf5 Bxf5 18. Qxf5 Bxc5 19. Bxf6 Be7 20. Bb2 Rfd8
21. Rfd1 Qd7 22. Qf4 Qe6 23. Rd2 Bd6 24. Qh4 Ne7 25. Rad1 Rc4 26. Nd4 Qg6 27.
h3 h5 28. f4 Rdc8 29. g4 Qe4 30. Kf2 Ng6 31. Qg3 h4 32. Qf3 Bb8 33. Nf5 Rc2 34.
Qxe4 dxe4 35. Bxg7 Nxf4 36. exf4 Bxf4 37. Rxc2 Rxc2+ 38. Kf1 e3 39. Rd8+ Kh7
40. Bd4 Rc1+ 41. Kg2 Rc2+ 42. Kf3 Rf2+ 43. Ke4 f6 44. Rd7+ 1-0

[Event "New York op"]
[Site "New York"]
[Date "1990.??.??"]
[Round "5"]
[White "Vaganian, Rafael A"]
[Black "Geller, Efim P"]
[Result "1-0"]
[WhiteElo "2605"]
[BlackElo "2515"]
[PlyCount "67"]
[EventDate "1990.04.??"]
[EventType "swiss"]
[EventRounds "9"]
[EventCountry "USA"]
[SourceTitle "CBM 016 Extra"]
[Source "ChessBase"]
[SourceDate "1990.07.01"]
[SourceVersion "1"]
[SourceVersionDate "1990.07.01"]
[SourceQuality "1"]

1. d4 d5 2. c4 e6 3. Nc3 Be7 4. Nf3 Nf6 5. Bg5 h6 6. Bh4 O-O 7. e3 b6 8. Be2
Bb7 9. Bxf6 Bxf6 10. cxd5 exd5 11. b4 c5 12. bxc5 bxc5 13. Rb1 Qa5 14. Qd2 cxd4
15. Nxd4 Bxd4 16. exd4 Ba6 17. Nb5 Qd8 18. O-O Nd7 19. Rfc1 Nf6 20. f3 Re8 21.
a4 Re7 22. Bd3 Bc8 23. Qf4 a6 24. Nc7 g5 25. Qxf6 Re1+ 26. Rxe1 Qxf6 27. Kh1
Qxd4 28. Rbd1 Kg7 29. Nxa8 Qa7 30. Rc1 Qd4 31. Bf1 Bd7 32. a5 Qb4 33. Ra1 d4
34. Nc7 1-0

[Event "Toronto1"]
[Site "Toronto"]
[Date "1990.??.??"]
[Round "5"]
[White "Kovacevic, Vlatko"]
[Black "Vaganian, Rafael A"]
[Result "0-1"]
[WhiteElo "2540"]
[BlackElo "2605"]
[Annotator "Ribli,Z"]
[PlyCount "92"]
[EventDate "1990.04.??"]
[EventType "tourn"]
[EventRounds "11"]
[EventCountry "CAN"]
[EventCategory "9"]
[SourceTitle "CBM 020"]
[Source "ChessBase"]
[SourceDate "1991.02.01"]
[SourceVersion "1"]
[SourceVersionDate "1991.02.01"]
[SourceQuality "1"]

1. c4 e6 2. Nf3 Nf6 3. g3 d5 4. Bg2 dxc4 5. Qa4+ Nbd7 6. Qxc4 c5 7. O-O b6 8.
b4 $5 cxb4 $2 (8... Bb7 $5) 9. Nd4 Nd5 10. Bxd5 exd5 11. Qxd5 Rb8 12. Bb2 $2 (
12. Nc6 Bb7 13. a3 bxa3 14. Bxa3 (14. Qe4+ $5) 14... Bxa3 15. Rxa3 $146) 12...
Bb7 13. Nc6 Be7 14. Qe4 Bxc6 15. Qxc6 O-O 16. a3 Rc8 17. Qf3 a5 18. axb4 Bxb4
19. Bc3 Bxc3 (19... Nc5 $5) 20. Nxc3 Ne5 21. Qd5 Nc6 22. Rfb1 Nb4 23. Qxd8
Rfxd8 24. Rb2 g5 25. Rab1 Rd4 26. Na2 Nd5 27. h3 (27. Nc3 $1 $10) 27... Kg7 28.
f3 f5 29. Kf2 f4 30. gxf4 gxf4 31. Rg1+ Kf7 32. Rg5 Rc5 33. Ke1 Ra4 34. Rf5+
Ke6 35. Rh5 b5 36. Rxh7 b4 37. Kf2 b3 $1 38. Rh6+ Ke5 39. Rh5+ Kd4 40. e3+
fxe3+ 41. dxe3+ Nxe3 42. Rd2+ Kc4 43. Rxc5+ Kxc5 44. Nc1 Nc4 45. Nxb3+ Kb4 46.
Rd3 Nb2 0-1